000 00881nam a2200241 a 4500
001 000007838
005 20200929154321.0
008 090911s1983 dr a 001 0 spa d
040 _aDO-SdBNP
_bspa
_cBNPHU
082 _a623.89
_bR896m
100 1 _aRubio, Sócrates Valentín,
_d1952-
_921578
245 1 0 _aMarinería básica y primeros auxilios /
_cSócrates Valentín Rubio ; prólogo Gilberto Odalís Fiallo.
260 _aSanto Domingo :
_bLa Fe,
_c1983.
300 _a159 p. :
_bil. ;
_c23 cm.
500 _aIncluye datos biográficos del autor en la contracubierta.
504 _aBibliografía: p.159.
590 _aInventariado,2018/DG
650 4 _aNavegación
_xManuales
_921579
650 4 _aManiobras navales
_xManuales
_921580
650 4 _aPrimeros auxilios
_92345
700 1 _aFiallo, Gilberto Odalís,
_epról.
_921581
910 _aValidado. Control de calidad EMS
999 _c7616
_d7616